000 00837cam a22002534a 4500
001 12209267
005 20180820034918.0
008 001024s2001 enk b 001 0 eng
010 _a 00051779
020 _a0415188075
020 _a0415188083 (pbk.)
040 _aDLC
_cDLC
_dDLC
041 _aeng
042 _apcc
080 _a301
082 0 0 _a301
_221
100 _a50
101 _aSOC
245 0 4 _aThe new social theory reader :
_cedited and introduced by Steve Seidman and Jeffrey C. Alexander.
504 _aIncludes bibliographical references and index.
906 _a7
_bcbc
_corignew
_d1
_eocip
_f20
_gy-gencatlg
942 _2ddc
_cBK
999 _c47217
_d47217